|
|
|
|
| LEADER |
01565nam a2200349 4500 |
| 001 |
DLU180183316 |
| 005 |
##20180119 |
| 020 |
# |
# |
|a 9786045370599
|
| 040 |
# |
# |
|a DLU
|b vie
|
| 041 |
# |
# |
|a vie
|
| 044 |
# |
# |
|a vn
|
| 082 |
# |
# |
|a 398.209 597
|b Tuy
|
| 245 |
# |
# |
|a Tuyển tập truyền thuyết Thanh Hóa /
|c Đào Huy Phụng, Lưu Đức Hạnh, Cao Sơn Hải sưu tầm, tuyển chọn.
|
| 260 |
# |
# |
|a H. :
|b Hội nhà văn,
|c 2016.
|
| 300 |
# |
# |
|a 271 tr. ;
|c 21 cm.
|
| 504 |
# |
# |
|a Tài liệu tham khảo: tr. 259-261.
|
| 505 |
# |
# |
|a Truyền thuyết về Bà Triệu -- Truyền thuyết về Lê Hoàn -- Truyền thuyết về Hồ Quý Ly và thành nhà Hồ -- Truyền thuyết về Trần Khát Chân -- Truyền thuyết về Lê Lợi -- Truyền thuyết về Thái hậu Ngô Thị Ngọc Dao -- Truyền thuyết về Lê Đình Kiên -- Truyền thuyết về các nhân vật có yếu tố lịch sử, danh nhân văn hóa, các nhân vật hư cấu -- Truyền thuyết về các địa danh lập làng dựng bản -- Những truyền thuyết đơn lẻ.
|
| 650 |
# |
# |
|a Truyền thuyết
|z Việt Nam
|z Thanh Hóa.
|
| 700 |
# |
# |
|a Đào Huy Phụng,
|e sưu tầm, tuyển chọn.
|
| 700 |
# |
# |
|a Cao Sơn Hải,
|e sưu tầm, tuyển chọn.
|
| 700 |
# |
# |
|a Lưu Đức Hạnh,
|e sưu tầm, tuyển chọn.
|
| 923 |
# |
# |
|a 01/2017
|
| 991 |
# |
# |
|a SH
|
| 992 |
# |
# |
|a 11000
|
| 994 |
# |
# |
|a DLU
|
| 900 |
# |
# |
|a True
|
| 911 |
# |
# |
|a Nguyễn Thanh Hương
|
| 925 |
# |
# |
|a G
|
| 926 |
# |
# |
|a A
|
| 927 |
# |
# |
|a SH
|
| 980 |
# |
# |
|a Thư viện Trường Đại học Đà Lạt
|